| 000 | 00899nas1a22002531i 4500 | ||
|---|---|---|---|
| 001 | RU\NLR\INFOCOMM20\5000021034 | ||
| 005 | 20240723105901.0 | ||
| 035 | _a(NLR Aleph) 002383815 | ||
| 090 |
_a4609512 _c4609512 |
||
| 100 | _a20050103a19989999|||y0rusy50 ca | ||
| 101 | 0 | _arus | |
| 102 | _aRU | ||
| 110 | _azyuzz 0|y| | ||
| 200 | 1 |
_aТри ключа _eПед. вестн. |
|
| 210 |
_aСПб. _cПетроградский и К° _d1998 - |
||
| 801 | 1 |
_aRU _bInfoComm _c20050103 |
|
| 801 | 0 |
_aRU _bNLR _gPSBO |
|
| 852 |
_aNLR _jП29/882 |
||
| 942 | _cSE | ||
| 980 | _aRUSPER | ||